The tombs of anak (Record no. 570919)

000 -LEADER
fixed length control field 00439nam a22001817a 4500
003 - CONTROL NUMBER IDENTIFIER
control field CEME
005 - DATE AND TIME OF LATEST TRANSACTION
control field 20210628202747.0
008 - FIXED-LENGTH DATA ELEMENTS--GENERAL INFORMATION
fixed length control field 210204b xxu||||| |||| 00| 0 eng d
020 ## - INTERNATIONAL STANDARD BOOK NUMBER
International Standard Book Number 0-89107-593-3
040 ## - CATALOGING SOURCE
Transcribing agency .
082 ## - DEWEY DECIMAL CLASSIFICATION NUMBER
Classification number 823 PER
100 ## - MAIN ENTRY--PERSONAL NAME
Personal name Peretti, Frank E
9 (RLIN) 61483
245 ## - TITLE STATEMENT
Title The tombs of anak
260 ## - PUBLICATION, DISTRIBUTION, ETC.
Place of publication, distribution, etc. 1990
Name of publisher, distributor, etc. GREENWOOD
Date of publication, distribution, etc. USA
300 ## - PHYSICAL DESCRIPTION
Extent 143P
650 ## - SUBJECT ADDED ENTRY--TOPICAL TERM
Topical term or geographic name entry element ENGLISH NOVEL-THE TOMBS OF ANAK
9 (RLIN) 61484
942 ## - ADDED ENTRY ELEMENTS (KOHA)
Koha item type Book
Source of classification or shelving scheme
Holdings
Withdrawn status Lost status Source of classification or shelving scheme Damaged status Not for loan Permanent Location Current Location Shelving location Date acquired Shelving control number Full call number Barcode Date last seen Price effective from Koha item type Public note
          College of Electrical & Mechanical Engineering (CEME) College of Electrical & Mechanical Engineering (CEME) Fiction 07/20/2017 English Literature 823 PER CEME-37667 06/28/2021 06/28/2021 Book CART-4
© 2023 Central Library, National University of Sciences and Technology. All Rights Reserved.